<?xml version="1.0" encoding="UTF-8"?>
<marc:record xmlns:marc="http://www.loc.gov/MARC21/slim">
   <marc:leader>00000nam a2200000 a 4500</marc:leader>
   <marc:datafield ind1="1" ind2=" " tag="100">
      <marc:subfield code="a">Ottenschläger, Madlen</marc:subfield>
      <marc:subfield code="4">aut</marc:subfield>
      <marc:subfield code="e">Verfasser/-in</marc:subfield>
   </marc:datafield>
   <marc:datafield ind1="1" ind2=" " tag="100">
      <marc:subfield code="a">Reich, Stefanie</marc:subfield>
   </marc:datafield>
   <marc:datafield ind1="0" ind2="0" tag="245">
      <marc:subfield code="a">Weihnachten in Finnland</marc:subfield>
   </marc:datafield>
   <marc:datafield ind1="0" ind2="0" tag="245">
      <marc:subfield code="c">Stefanie Reich ; Madlen Ottenschläger</marc:subfield>
   </marc:datafield>
   <marc:datafield ind1=" " ind2="1" tag="264">
      <marc:subfield code="a">München</marc:subfield>
      <marc:subfield code="b">arsEdition</marc:subfield>
      <marc:subfield code="c">2025</marc:subfield>
   </marc:datafield>
   <marc:datafield ind1="1" ind2=" " tag="490">
      <marc:subfield code="a">Otto fährt los</marc:subfield>
   </marc:datafield>
   <marc:datafield ind1="1" ind2=" " tag="520">
      <marc:subfield code="a">Diesmal müssen sich alle warm einpacken, denn OTTO fährt direkt in ein Winterwunderland voller Magie: Nach Finnland! Dort wartet ein zauberhaftes Weihnachtsabenteuer mit funkelnden Polarlichtern, verschneiten Wäldern und sogar dem Weihnachtsmann höchstpersönlich.Unterwegs treffen OTTO und seine Ferienfamilie auf neugierige Rentiere, freundliche Huskys und die Sami, das indigene Volk des Nordens. Und natürlich hält er für seine Freunde jede Menge Überraschungen bereit &#x96; ob Eisbaden, Schlittschuhlaufen oder  gemütlichen Beisammensein in einer Blockhütte. Mit OTTO wird jede Reise zu etwas ganz Besonderem!</marc:subfield>
   </marc:datafield>
   <marc:datafield ind1=" " ind2=" " tag="020">
      <marc:subfield code="a">9783845865126</marc:subfield>
      <marc:subfield code="9">9783845865126</marc:subfield>
   </marc:datafield>
   <marc:datafield ind1=" " ind2=" " tag="300">
      <marc:subfield code="a">24 ungezählte Seiten, Illustrationen</marc:subfield>
   </marc:datafield>
</marc:record>
